| 000 | 00446cam a2200181ua 4500 | ||
|---|---|---|---|
| 020 |
_a81-7141-216-5 _c4.50 |
||
| 041 |
_aeng _h |
||
| 082 |
_a551 _bGRE/ST |
||
| 100 | _aGrew, E S . | ||
| 245 |
_aStudey of modern geology / _cE S Grew. _hTextual Documents |
||
| 250 |
_a1 / _b. |
||
| 260 |
_aNewdelhi : _bDiscovery publishing house , _c1993. |
||
| 300 | _a307 ; . | ||
| 365 | _a4.50 | ||
| 504 | _a | ||
| 942 | _cBK | ||
| 999 |
_c9554 _d9554 |
||